000 01942nam a2200325 i 4500
999 _c3768
_d3768
003 OSt
005 20241023091623.0
008 100903s2010 nyu d 000 1 eng d
020 _a9781407132105
040 _aFHP
_dUPZ
_dBTCTA
_dYDXCP
_dLYG
_dCaOL
_beng
_erda
_cKH8
082 _aFIC COL
100 1 _aCollins, Suzanne.
_eauthor.
245 1 0 _aThe Hunger Games :
_bMockingjay /
_cSuzanne Collins.
260 _aNew York :
_bScholastic Press,
_c2021.
300 _a390 pages ;
_c22 cm.
336 _atext
_btxt
_2rdacontent.
337 _aunmediated
_bn
_2rdamedia.
338 _avolume
_bnc
_2rdacarrier.
490 1 _aHunger Games trilogy ;
_vbk. 3.
520 _aKatniss Everdeen, girl on fire, has survived, even though her home has been destroyed. Gale has escaped. Katniss's family is safe. Peeta has been captured by the Capitol. District 13 really does exist. There are rebels. There are new leaders. A revolution is unfolding. It is by design that Katniss was rescued from the arena in the cruel and haunting Quarter Quell, and it is by design that she has long been part of the revolution without knowing it. District 13 has come out of the shadows and is plotting to overthrow the Capitol. Everyone, it seems, has had a hand in the carefully laid plans—except Katniss. The success of the rebellion hinges on Katniss's willingness to be a pawn, to accept responsibility for countless lives, and to change the course of the future of Panem. To do this, she must put aside her feelings of anger and distrust. She must become the rebels' Mockingjay—no matter what the personal cost.
650 0 _aInsurgency
_vFiction.
650 0 _aSurvival
_vFiction.
650 0 _aTelevision programs
_vFiction.
650 0 _aInterpersonal relations
_vFiction.
650 0 _aContests
_vFiction.
650 0 _aScience fiction.
_2genre.
650 0 _aDystopian fiction.
_2genre.
830 0 _aHunger Games trilogy ;
_vbk. 3
942 _2ddc
_cFIC